00670nam a2200169 a 4500008004100000050001500041100002200056245005700078260005100135300001600186350000900202650003200211650001400243995009500257999001700352952013100369120416s1978 ||||||||||||||||| || u aHC 800 Rot aRothchild, Donald10aScarcity, choice, and public policy in middle Africa aBerkeleybUniversity of California Pressc1978 aviii, 357p. a0.00 0aAFRICA--ECONOMIC CONDITIONS 0aECONOMICS D0.00FCBU-MAIN LIBRARY (Kitwe)H1I0.00M1UAVAILABLEZMain Library Open Access Collection c57002d57002 00102lcc4070a001b001cMain Library Open Access Collectiond2022-11-30l0oHC 800 Rotp003297r2022-11-30w2022-11-30y002